| 000 | 00405cam a2200169ua 4500 | ||
|---|---|---|---|
| 020 | _c2.00 | ||
| 041 |
_amal _h |
||
| 082 |
_a894.8121 _bKUN/KA |
||
| 100 | _aKunchan Nambiar, . | ||
| 245 |
_aKalyanasaugandhikam / _cKunchan nambiar. _hTextual Documents |
||
| 260 |
_aKozhikode : _bTouring book stall. |
||
| 300 | _a95 ; . | ||
| 365 | _a2.00 | ||
| 504 | _a | ||
| 942 | _cBK | ||
| 999 |
_c5009 _d5009 |
||